000 00555nam a2200229 a 4500
999 _c5037
_d5037
001 5037
003 BD-JhCC
005 20171207121646.0
008 171207s1938 e |||| || | 000 0 eng d
035 _a(BD-JhCC)5037
040 _aBD-JhCC
_dBD-JhCC
041 _aeng
082 _a370.1
_bDEW 1938
100 _aDewent, Johnh
245 _aExperience and Education /
_cJohnh Dewent,
260 _aLondon :
_bCollier Books,
_c1938.
300 _a91 p. :
_c18 cm
650 _aExperience
650 _aEducation
942 _2ddc
_cBK